Top 10 US States with the Most Tourists - Statistics

General Stats
  • This quiz has been taken 181 times
  • The average score is 8 of 10
Answer Stats
# Answer % Correct
5 New York
100%
1 California
99%
2 Florida
97%
4 Texas
95%
3 Nevada
91%
10 Hawaii
87%
8 Arizona
81%
9 Georgia
76%
6 Virginia
69%
7 South Carolina
46%
No matching quizzes found
Score Distribution
Percent of People with Each Score
Percentile by Number Answered
Your Score History
You have not taken this quiz